000
00308nam a22001457a 4500
008
230529b ||||| |||| 00| 0 eng d
020
_a
9782080703613
041
_a
FRA
080
_a
82
082
_a
82CAZ
100
_a
38
101
_a
GJL
245
_a
LE DIABLE AMOUREUX
_c
CAZOTTE.J
942
_2
udc
_c
BK
999
_c
59866
_d
59866